LEADER 00519nab a2200157 i 4500 001 000000291712 003 CaOOAMICUS 005 20180831165510.0 008 180831n xx uu u0 0und r 013 $a47207 040 $aSeMil$bita 245 10$a[vedi periodico]. 500 $a2017/2. 773 0 $aScalfi, Romano $tMia Russia.$dSeriate : La Casa di Matriona, 2017.$z978-88-97455-29-5$w()256470 774 0 $tBiografia e bibliografia.$w()329325 996 $6245$a[vedi periodico]$9(OLS)http://semarc/title/309439 LEADER 00944nam a2200217 i 4500 001 000000215193 003 CaOOAMICUS 005 20231026113356.0 008 120816s1807 it u000 u mul u 013 $a194065 026 $ao-e, e-e. e.n- crce (3) 1807 (R) 040 $aSeMil$bita 245 10$aTomo 5. 300 $a[8], 350, [2] p., IV carte di tav. ripieg. :$bill. 500 $aContiene confutazione di opere di Charles-François Dupuis. 500 $aSegn.: pg4 A-2X4 773 0 $aGerdil, Giacinto Sigismondo <1718-1802>$tOpere edite ed inedite del cardinale Giacinto Sigismondo Gerdil ... dedicate alla Santità di N. S. Pio 7. p. m. Tomo 1. [-20.].$dIn Roma : Dalle stampe di Vincenzo Poggioli, in via dell'Anima n. 10, 1806-1821.$g5$w()27233 850 $aSeMil 852 $aSeMil$W1$xVenegono$y1$m2B V 5 FA$j165614$B165614$CSeMilBibl$Z2$F176616 $8I 996 $6245$aTomo 5$9(OLS)http://semarc/title/76883